000 00487nam a22001937a 4500
003 OSt
005 20140310183131.0
008 130601t xxu||||| |||| 00| 0 eng d
050 _aQC 33
_b.Au938 1999
082 _aFIL 530.078
_bAu7 1999
245 _aGeneral College Physics Laboratory Manual
_cAustriaco, Asuncion M.
260 _cc1999
300 _a70 p.
521 _acollege students
526 _c1210L-1700L
541 _j1
562 _e1
942 _2lcc
_cBK
_mFIL
999 _c19139
_d19139